An essay upon projects (Record no. 113418)

MARC details
000 -LEADER
fixed length control field 00703cam a22001935a 4500
001 - CONTROL NUMBER
control field L155232
008 - FIXED-LENGTH DATA ELEMENTS--GENERAL INFORMATION
fixed length control field 120313s1697 xxk f 000 0 eng d
035 ## - SYSTEM CONTROL NUMBER
System control number (Sirsi) u155232
041 0# - LANGUAGE CODE
Language code of text/sound track or separate title eng
100 1# - MAIN ENTRY--PERSONAL NAME
Personal name Defoe, Daniel
Dates associated with a name 1661?-1731
245 03 - TITLE STATEMENT
Title An essay upon projects
260 ## - PUBLICATION, DISTRIBUTION, ETC.
Place of publication, distribution, etc. London
Name of publisher, distributor, etc. printed by R[obert]. R[oberts]. for Tho. Cockerill, at the corner of Warwick-Lane, near Pater-noster-Row
Date of publication, distribution, etc. MDCXCVII. [1697]
300 ## - PHYSICAL DESCRIPTION
Extent [2], xiv, 336 p.
Dimensions 8o
583 ## - ACTION NOTE
Action Condition reviewed
Time/date of action 20120620
Status condition level 1
651 #4 - SUBJECT ADDED ENTRY--GEOGRAPHIC NAME
Geographic name Great Britain
Chronological subdivision 1707-
690 ## - LOCAL SUBJECT ADDED ENTRY--TOPICAL TERM (OCLC, RLIN)
Topical term or geographic name as entry element Finance and taxation
856 ## - ELECTRONIC LOCATION AND ACCESS
Uniform Resource Identifier <a href="https://archive.org/details/anessayuponproje09682gut">https://archive.org/details/anessayuponproje09682gut</a>
Public note Digital copies available
942 ## - ADDED ENTRY ELEMENTS (KOHA)
Suppress in OPAC 0
Source of classification or shelving scheme Dewey Decimal Classification
Holdings
Withdrawn status Lost status Source of classification or shelving scheme Damaged status Not for loan Home library Current library Shelving location Date acquired Total Checkouts Full call number Barcode Date last seen Copy number Price effective from Koha item type
    Dewey Decimal Classification     Historic collection Historic collection Historic collection 13/03/2012   OCTAVO 1697 DEFOE 30077649 06/08/2019 1 06/08/2019 Book